Score 0/54 Timer 05:00
5 Plays Today
% Correct
Russia
91.1%
Norway (Oslo)
90.7%
Norway
90.7%
Sweden
87.3%
Denmark (Greenland)
86.8%
Finland
86%
United States of America
85.6%
China
83.8%
Denmark
79.8%
Iceland
77.7%
Chile
74.3%
Cambodia
73.4%
Chad
71%
Chad
70.8%
Cameroon
69.9%
Cameroon
69.9%
Colombia
69.3%
Japan
68.6%
Japan
67.7%
Czechia
65.3%
Croatia
62.8%
Cuba
60.9%
Costa Rica
56.4%
Comoros
56.1%
Cyprus
53.2%
Central African Republic
50.7%
Poland
49.9%
% Correct
Switzerland
49.5%
Cote d'Ivoire
46.9%
Cabo Verde
43%
Ghana
34.5%
Monaco
34.2%
Panama
34.2%
Austria
33.3%
Indonesia
33%
Malta
31.1%
Burkina Faso (Ouagadougou)
28.8%
Qatar
27.4%
Madagascar
25.7%
Bahamas
23.1%
Rwanda
22.4%
Kazakhstan
22.1%
Rwanda
21.5%
Turkey
21.3%
Latvia
21.2%
Peru
19.9%
Singapore
18.5%
Tunisia
16.4%
Georgia
14.1%
Bahrain
13.4%
Tonga
13.3%
Mauritius
9.3%
Seychelles
9.2%
Vanuatu
8.9%
Remove Ads.
Support Sporcle.
Get the best of Sporcle when you Go Orange. This ad-free experience offers more features, more stats, and more fun while also helping to support Sporcle. Thank you for becoming a member.

You're not logged in!

Compare scores with friends on all Sporcle quizzes.
OR
Log In

Show Comments

Extras

Top Quizzes Today


Score Distribution

Your Account Isn't Verified!

In order to create a playlist on Sporcle, you need to verify the email address you used during registration. Go to your Sporcle Settings to finish the process.

Report this User

Report this user for behavior that violates our Community Guidelines.

Details: